000 00635nam a22002177a 4500
003 UA-OsUOA
001 114647
007 ta
008 20151116b un ||||| |||| 00| 0 ukr d
100 _aКозубовський Г.А.
090 _a902
_bК59
942 _cSA
040 _aUA-OsUOA
_bukr
_cUA-OsUOA
_dUA-OsUOA
245 _aЕкономічні наслідки походів Гедиміна 20-х рр. ХІV ст.
300 _aС.33-44
955 _a0
041 _aukr
080 _a902
773 0 _w114643
_tАрхеологія
_dК.
_d2015
_g3
650 7 _a9 Географія. Біографії. Історія
_2UDC
999 _c400787
_d400787